Five Step of Leadership; Serve to Lead (DVD-12) (Record no. 195267)
[ view plain ]
| 000 -LEADER | |
|---|---|
| fixed length control field | 00325 a2200121 4500 |
| 003 - CONTROL NUMBER IDENTIFIER | |
| control field | Nust |
| 005 - DATE AND TIME OF LATEST TRANSACTION | |
| control field | 20170207154220.0 |
| 040 ## - CATALOGING SOURCE | |
| Transcribing agency | Nust |
| 082 ## - DEWEY DECIMAL CLASSIFICATION NUMBER | |
| Classification number | 371.33 |
| 245 ## - TITLE STATEMENT | |
| Title | Five Step of Leadership; Serve to Lead (DVD-12) |
| 440 ## - SERIES STATEMENT/ADDED ENTRY--TITLE | |
| Title | Five Step of Leadership; Serve to Lead (DVD-12) |
| 538 ## - SYSTEM DETAILS NOTE | |
| System details note | Duration Mins 26,30 |
| 650 ## - SUBJECT ADDED ENTRY--TOPICAL TERM | |
| Topical term or geographic name entry element | TFC No 14 Ledership |
| Location of event | DVD-12 |
| Withdrawn status | Lost status | Source of classification or shelving scheme | Damaged status | Not for loan | Collection code | Current Location | Date acquired | Total Checkouts | Full call number | Barcode | Date last seen | Price effective from | Koha item type |
|---|---|---|---|---|---|---|---|---|---|---|---|---|---|
| Military College of Signals (MCS) | 12/12/2016 | 371.33 FIV | MCSDVD-12 | 12/08/2016 | 12/12/2016 | Book |
